000 01001nas a22002777a 4500
005 20140905155615.0
006 a|||||r|||| 00| 0
007 ta
008 090121t xxu||||| |||| 00| 0 eng d
022 _a2250-0545
022 _a2250-0553 (Electronic)
245 _aJournal of The Institution of Engineers (India)- series C
_bmechanical engineering. production engineering. Aerospace engineering. Marine engineering
260 _aKolkata
_bThe Institution of Engineers (India)
260 _aNew Delhi
_bSpringer India
300 _av.
_c26.cm
310 _aQuarterly
362 _aVol 95 No. 1 Jan-March 2014
650 _amechanical engineering.
650 _aMarine engineering
650 _aproduction engineering.
650 _aAerospace engineering.
690 _aElectrical engineering
856 _uwww.springer.com/40032
270 _a8 Gokhale Road
_bKolkata
_e700020
_k033-2223-8311/14/15/16
_mtechnical@ieindia.org
942 _2ddc
_cSR
_h621
_mJOU
_s1
999 _c88366
_d88366